<?xml version="1.0" encoding="UTF-8"?>
<marc:record xmlns:marc="http://www.loc.gov/MARC21/slim">
   <marc:leader>00000nam a2200000 a 4500</marc:leader>
   <marc:datafield ind1="1" ind2=" " tag="100">
      <marc:subfield code="a">Sendker, Jan-Philipp</marc:subfield>
      <marc:subfield code="4">aut</marc:subfield>
      <marc:subfield code="e">Verfasser/-in</marc:subfield>
   </marc:datafield>
   <marc:datafield ind1="0" ind2="0" tag="245">
      <marc:subfield code="a">Am anderen Ende der Nacht</marc:subfield>
   </marc:datafield>
   <marc:datafield ind1="0" ind2="0" tag="245">
      <marc:subfield code="c">Jan-Philipp Sendker</marc:subfield>
   </marc:datafield>
   <marc:datafield ind1=" " ind2="1" tag="264">
      <marc:subfield code="a">Hamburg</marc:subfield>
      <marc:subfield code="b">Random House</marc:subfield>
      <marc:subfield code="c">2016</marc:subfield>
   </marc:datafield>
   <marc:datafield ind1="1" ind2=" " tag="520">
      <marc:subfield code="a">Als Paul mit seiner Frau Christine und seinem Sohn seinen alten Freund Zhang besucht, wird der vierjährige David entführt. Durch glückliche Umstände gelangt er wieder zu seinen Eltern. Doch die Entführer wollen ihn zurück - mit allen Mitteln. Es beginnt eine Verfolgung quer durch das Reich der Mitte und in die Abgründe einer Gesellschaft in Aufruhr. Kann die Liebe zweier Menschen eine solche Herausforderung, bei der das eigene Leben und das des Kindes ständig in Gefahr sind, überstehen?</marc:subfield>
   </marc:datafield>
   <marc:datafield ind1=" " ind2=" " tag="020">
      <marc:subfield code="a">9783837136029</marc:subfield>
      <marc:subfield code="9">9783837136029</marc:subfield>
   </marc:datafield>
   <marc:datafield ind1=" " ind2=" " tag="020">
      <marc:subfield code="a">3837136027</marc:subfield>
      <marc:subfield code="9">3837136027</marc:subfield>
   </marc:datafield>
   <marc:datafield ind1=" " ind2=" " tag="300">
      <marc:subfield code="a">7 Std. 35 Min.</marc:subfield>
   </marc:datafield>
</marc:record>
